000 01210nac a22003377a 4500
001 BR8100021
003 BR-BrBNA
005 20240105114851.0
008 230509b bl.|||m| |||| 00| 0 por d
040 _aBR-BrBNA
_bpor
_cBiblioteca Nacional de Agricultura
072 _aF00; F60
090 _a0470 BR8100021
100 1 _aFigueiredo, F.J.C.
100 1 _aCarvalho, J.E.U. de
100 1 _aFrazao, D.A.C.
110 1 _aCentro de Pesquisa Agropecuaria do Tropico Umido, Belem, PA (Brasil)
245 1 _aEfeito da epoca de colheita na qualidade fisiologica de sementes de juta [Corchorus capsularis; Germinacao; Para; Brasil]
246 1 _a[Effect of harvesting period on the physiological quality of jute seeds [Corchorus capsularis; Germination; Para; Brazil]]
260 3 _aBelem, PA (Brasil):
_cJun 1980.
300 _a3 p.
490 _aPesquisa em Andamento - Centro de Pesquisa Agropecuaria do Tropico Umido (Brazil)
_vno. 7
_x
650 _aProducao vegetal
650 _aFisiologia vegetal
650 _aJuta
650 _aSemente
650 _aColheita
650 _aGerminacao
650 _aPara
909 _a202312
_bLúcia Elande
_c55
_dLúcia Elande
942 _2AGRIS
_n0
_cMS
999 _c271757
_d271757